[Event "October 1800+"]
[Site "SchemingMind.com"]
[Date "2015.10.24"]
[Round "-"]
[White "CLewis73"]
[Black "David Perna-Fraser"]
[Result "0-1"]
[WhiteCountry "ENG"]
[BlackCountry "CAN"]
[WhiteElo "1752"]
[WhiteRD "74"]
[BlackElo "2318"]
[BlackRD "63"]
[GameID "389127"]

1. d4 Nf6 2. Nf3 e6 3. g3 Bb4+ 4. Bd2 Qe7 5. Bg2 O-O 6. O-O Nc6 7. a3 Bxd2 8. Nbxd2 d6 9. e4 e5 10. d5 Nb8
11. h3 Nbd7 12. b4 a5 13. Qe2 Nb6 14. c4 Bd7 15. b5 Na4 16. Nb1 Nc5 17. Nfd2 h5 18. f4 exf4 19. gxf4 Bf5 20. Re1 Rae8
21. Nc3 Bg6 22. f5 Qe5 23. Rac1 Bxf5 24. exf5 Qd4+ 25. Qf2 Rxe1+ 26. Rxe1 Qxc3 27. Qe3 Qc2 28. Qd4 Qxf5 29. Re7 Re8 30. Rxc7 Re1+
31. Kh2 Re2
0-1

[Event "October 1800+"]
[Site "SchemingMind.com"]
[Date "2015.10.24"]
[Round "-"]
[White "David Perna-Fraser"]
[Black "CLewis73"]
[Result "1-0"]
[WhiteCountry "CAN"]
[BlackCountry "ENG"]
[WhiteElo "2318"]
[WhiteRD "63"]
[BlackElo "1752"]
[BlackRD "74"]
[GameID "389128"]

1. e4 e6 2. d4 d5 3. exd5 exd5 4. Nf3 Bg4 5. h3 Bh5 6. Bd3 Bd6 7. O-O Nc6 8. Re1+ Nge7 9. Nc3 Nb4 10. g4 Bg6
11. Bxg6 hxg6 12. a3 Na6 13. Nxd5 Rxh3 14. Ng5 Rh8 15. Qf3 Rf8 16. Nxe7 Bxe7 17. Qxb7 Qc8 18. Qe4 Qd8 19. Qc6+
1-0

[Event "October 1800+"]
[Site "SchemingMind.com"]
[Date "2015.10.24"]
[Round "-"]
[White "Kid A"]
[Black "David Perna-Fraser"]
[Result "0-1"]
[WhiteCountry "FIN"]
[BlackCountry "CAN"]
[WhiteElo "1843"]
[WhiteRD "73"]
[BlackElo "2318"]
[BlackRD "63"]
[GameID "389129"]

1. e4 e5 2. Nf3 Nf6 3. Nxe5 d6 4. Nxf7 Kxf7 5. d4 c5 6. Bc4+ d5 7. exd5 b5 8. Bxb5 Qxd5 9. O-O Bb7 10. f3 Qxd4+
11. Qxd4 cxd4 12. Bc4+ Bd5 13. Bxd5+ Nxd5 14. Nd2 Ne3
0-1

[Event "October 1800+"]
[Site "SchemingMind.com"]
[Date "2015.10.24"]
[Round "-"]
[White "David Perna-Fraser"]
[Black "Kid A"]
[Result "1-0"]
[WhiteCountry "CAN"]
[BlackCountry "FIN"]
[WhiteElo "2318"]
[WhiteRD "63"]
[BlackElo "1843"]
[BlackRD "73"]
[GameID "389130"]

1. e4 c5 2. Nf3 Nc6 3. d4 cxd4 4. Nxd4 Nf6 5. Nc3 d6 6. f3 e5 7. Nb3 Be7 8. Be3 O-O 9. Qd2 Be6 10. O-O-O a5
11. Bb5 h6 12. Kb1 Nb4 13. a3 Bxb3 14. cxb3 Nc6 15. g4 Qc7 16. h4 Rfd8 17. g5 hxg5 18. hxg5
1-0

[Event "October 1800+"]
[Site "SchemingMind.com"]
[Date "2015.10.23"]
[Round "-"]
[White "Abstract Actuary"]
[Black "David Perna-Fraser"]
[Result "0-1"]
[WhiteCountry "USA"]
[BlackCountry "CAN"]
[WhiteElo "1891"]
[WhiteRD "68"]
[BlackElo "2318"]
[BlackRD "63"]
[GameID "389131"]

1. e4 e5 2. Nf3 Nc6 3. Bb5 Nf6 4. O-O Bc5 5. c3 Nxe4 6. d4 Be7 7. Re1 Nd6 8. Bxc6 dxc6 9. Nxe5 O-O 10. Bf4 Re8
11. Qb3 Be6 12. Qc2 Bg5 13. Bxg5 Qxg5 14. Nd2 Bh3 15. g3 Bf5 16. Qb3 Qxd2 17. Rad1 Qg5 18. c4 Be6 19. f4 Qh5 20. d5 cxd5
21. cxd5 Bg4 22. Rc1 f6 23. Nxg4 Qxg4 24. Rxe8+ Rxe8 25. Rxc7 Re1+ 26. Kg2 Qe2+ 27. Kh3 Qh5+ 28. Kg2 Re2+ 29. Kf1 Qxh2 30. Qf3 Rxb2
0-1

[Event "October 1800+"]
[Site "SchemingMind.com"]
[Date "2015.10.23"]
[Round "-"]
[White "David Perna-Fraser"]
[Black "Abstract Actuary"]
[Result "1-0"]
[WhiteCountry "CAN"]
[BlackCountry "USA"]
[WhiteElo "2318"]
[WhiteRD "63"]
[BlackElo "1891"]
[BlackRD "68"]
[GameID "389132"]

1. e4 e5 2. Nf3 Nf6 3. Nxe5 d6 4. Nf3 Nxe4 5. Nc3 Nxc3 6. dxc3 Bg4 7. h3 Bh5 8. Qd5 Bxf3 9. Qxf3 c6 10. Bf4 Be7
11. O-O-O O-O 12. h4 d5 13. c4 Qa5 14. Kb1 dxc4 15. Bxc4 b5 16. Bd3 f5 17. g4 fxg4 18. Qe4 Bf6 19. Qxh7+ Kf7 20. Bg6+ Ke6
21. Rhe1+ Be5 22. Rxe5+ Kf6 23. Rd6#
1-0

[Event "October 1800+"]
[Site "SchemingMind.com"]
[Date "2015.10.25"]
[Round "-"]
[White "Don71"]
[Black "David Perna-Fraser"]
[Result "1-0"]
[WhiteCountry "NIR"]
[BlackCountry "CAN"]
[WhiteElo "2305"]
[WhiteRD "84"]
[BlackElo "2344"]
[BlackRD "61"]
[GameID "389133"]

1. e4 e5 2. Nf3 Nf6 3. Nxe5 d6 4. Nf3 Nxe4 5. d4 d5 6. Bd3 Bd6 7. O-O O-O 8. c4 c6 9. Re1 Re8 10. Qb3 Na6
11. cxd5 cxd5 12. Nc3 Be6 13. a3 Nc7 14. Qc2 f5 15. Ne5 Bxe5 16. dxe5 Rc8 17. Be3 d4 18. Bxe4 dxe3 19. Rad1 Qg5 20. Bf3 exf2+
21. Qxf2 b6 22. Bc6 Rf8 23. Ne2 f4 24. Nd4 Bg4 25. Rc1 Rcd8 26. e6 Nd5 27. Ba4 Ne7 28. Rc7 Qf6 29. Rxe7 Rxd4 30. Bb3 Qxe7
31. Qxd4 Bh5 32. Re5 Bg6 33. Rd5 Be8 34. Qb4 Qxb4 35. axb4 g6 36. e7 Bf7 37. Rd8
1-0

[Event "October 1800+"]
[Site "SchemingMind.com"]
[Date "2015.10.26"]
[Round "-"]
[White "David Perna-Fraser"]
[Black "Don71"]
[Result "1-0"]
[WhiteCountry "CAN"]
[BlackCountry "NIR"]
[WhiteElo "2344"]
[WhiteRD "61"]
[BlackElo "2305"]
[BlackRD "84"]
[GameID "389134"]

1. e4 c5 2. Nf3 Nc6 3. d4 cxd4 4. Nxd4 e5 5. Nb5 d6 6. N1c3 a6 7. Na3 Nf6 8. Bg5 Be7 9. Nc4 O-O 10. Bxf6 Bxf6
11. Qxd6 Bg5 12. Qxd8 Rxd8 13. Nd5 Be6 14. h4 Bh6 15. Ncb6 Rab8 16. Rd1 Kh8 17. c3 f5 18. Bd3 Rd6 19. c4 Nb4 20. Nxb4 Rxb6
21. exf5 Bxc4 22. Bxc4 Rxb4 23. b3 b5 24. Be6 Rf8 25. Rd7 Re4+ 26. Kf1 Rg4 27. h5 Rd4 28. Rxd4 exd4 29. Ke2 Rd8 30. Kd3 Bg5
31. g3 Be7 32. Rc1 Bb4 33. Rc6 a5 34. Rb6 h6 35. Rxb5 Ra8 36. Kxd4 Be1 37. Ke3 Kh7 38. a3 Bc3 39. b4 axb4 40. axb4 Rd8
41. Rb7
1-0

[Event "October 1800+"]
[Site "SchemingMind.com"]
[Date "2015.10.23"]
[Round "-"]
[White "Stephen Woodhouse"]
[Black "David Perna-Fraser"]
[Result "0-1"]
[WhiteCountry "ENG"]
[BlackCountry "CAN"]
[WhiteElo "1927"]
[WhiteRD "48"]
[BlackElo "2331"]
[BlackRD "62"]
[GameID "389135"]

1. e4 e5 2. Nf3 Bc5 3. Nxe5 Nf6 4. d4 Qe7 5. dxc5 Qxe5 6. Nc3 O-O 7. Bd3 Nc6 8. O-O Qxc5 9. Be3 Qe7 10. Re1 d6
11. Nd5 Nxd5 12. exd5 Ne5 13. Bd4 Qg5 14. Bxe5 dxe5 15. Qf3 g6 16. Qe3 Qxe3 17. Rxe3 f6 18. Bc4 Bf5 19. d6+ Kg7 20. dxc7 Rac8
21. Bd3 Rxc7 22. Bxf5 gxf5 23. c3 Rd8 24. Kf1 Kf7 25. Rae1 Ke6 26. f3 Rc5 27. R1e2 b5 28. Ke1 Rcd5 29. Rc2 f4 30. Ree2 Rd1+
31. Kf2 Ra1 32. a3 Rdd1 33. g3 Rf1+ 34. Kg2 Rg1+ 35. Kh3 Raf1 36. Rf2 fxg3 37. hxg3 Rh1+ 38. Rh2 Rxh2+ 39. Kxh2 Rxf3 40. Rd2 f5
41. Rd8 Rf2+ 42. Kg1 Rxb2 43. Ra8 Rb3 44. Rxa7 Rxc3 45. Rxh7 Rxg3+
0-1

[Event "October 1800+"]
[Site "SchemingMind.com"]
[Date "2015.10.23"]
[Round "-"]
[White "David Perna-Fraser"]
[Black "Stephen Woodhouse"]
[Result "1-0"]
[WhiteCountry "CAN"]
[BlackCountry "ENG"]
[WhiteElo "2331"]
[WhiteRD "62"]
[BlackElo "1927"]
[BlackRD "48"]
[GameID "389136"]

1. e4 e6 2. d4 d5 3. exd5 exd5 4. Nf3 Bd6 5. Bd3 Ne7 6. O-O O-O 7. Re1 Bf5 8. Nc3 Bxd3 9. Qxd3 c6 10. Ng5 Ng6
11. h4 h6 12. h5 hxg5 13. hxg6 fxg6 14. Re6 Bf4 15. Qxg6 Nd7 16. Bxf4 gxf4 17. Rae1 Nf6 18. Re7 Ne8 19. Qe6+ Kh8 20. Re5 Nf6
21. Rg5 Qc8 22. Qe5 Re8 23. Rgxg7 Rxe7 24. Rxe7 Qf8 25. Re6 Re8 26. Rxf6 Qg7 27. Qxe8+
1-0

[Event "October 1800+"]
[Site "SchemingMind.com"]
[Date "2015.10.24"]
[Round "-"]
[White "frankly"]
[Black "David Perna-Fraser"]
[Result "1-0"]
[WhiteCountry "ENG"]
[BlackCountry "CAN"]
[WhiteElo "2453"]
[WhiteRD "56"]
[BlackElo "2318"]
[BlackRD "63"]
[GameID "389137"]

1. d4 Nf6 2. c4 e6 3. Nc3 Bb4 4. e3 b6 5. Ne2 Ne4 6. Bd2 Nxd2 7. Qxd2 Bb7 8. a3 Be7 9. d5 O-O 10. g3 d6
11. Bg2 e5 12. O-O Nd7 13. Rae1 a5 14. Qc2 Nc5 15. b3 g6 16. Nb5 f5 17. b4 Nd7 18. f4 axb4 19. axb4 Nf6 20. fxe5 dxe5
21. d6 Bxg2 22. dxe7 Qxe7 23. Kxg2 Qxb4 24. e4 Nxe4 25. Nxc7 Rac8 26. Nd5 Qxc4 27. Qxc4 Rxc4 28. Rc1 Rxc1 29. Rxc1 Ra8 30. Rc2 b5
31. Nb4 Nd6 32. Rc7 Rc8 33. Re7 Rc4 34. Nd3 e4 35. Ne5 Rc2 36. Kf1 Nc4 37. Nxc4 Rxc4 38. Kf2 Rb4 39. Ke3 Rc4 40. Rb7 b4
41. h4 b3 42. Kf4 Rc2 43. Nd4 Rc4 44. Nxb3 h5 45. Kg5 e3 46. Kxg6 Rg4+ 47. Kxf5 e2 48. Re7 Rxg3 49. Nd4 Rg4 50. Nf3 Rg2
51. Ne1 Rg4 52. Re4 Rg1 53. Rxe2 Rg4 54. Rg2
1-0

[Event "October 1800+"]
[Site "SchemingMind.com"]
[Date "2015.10.24"]
[Round "-"]
[White "David Perna-Fraser"]
[Black "frankly"]
[Result "0-1"]
[WhiteCountry "CAN"]
[BlackCountry "ENG"]
[WhiteElo "2318"]
[WhiteRD "63"]
[BlackElo "2453"]
[BlackRD "56"]
[GameID "389138"]

1. e4 c5 2. Nf3 Nc6 3. d4 cxd4 4. Nxd4 Nf6 5. Nc3 d6 6. f3 e5 7. Nb3 Be7 8. Be3 O-O 9. Qd2 a5 10. Bb5 Na7
11. Bd3 Be6 12. O-O Nc8 13. Rad1 Nb6 14. Rfe1 Nc4 15. Bxc4 Bxc4 16. a4 Qc8 17. Nc1 Be6 18. Nd3 Qc6 19. Re2 Rfc8 20. Nb5 Bc4
21. Nc3 Rc7 22. Qe1 Rac8 23. Qg3 Qe8 24. Qf2 b5 25. axb5 Bxb5 26. Nxb5 Qxb5 27. Red2 a4 28. h3 d5 29. exd5 Nxd5 30. c4 Rxc4
31. Nxe5 Nxe3 32. Qxe3 Re8 33. Qe2 Rb4 34. Qxb5 Rxb5 35. f4 h5 36. Nd3 Bh4 37. Ra1 Re4 38. Rc2 Bf6 39. Kh2 Rd4 40. Rc8+ Kh7
41. Rc5 Rb3 42. Rxh5+ Kg8 43. Re1 Rd8 44. Nc5 Rb4 45. Re4 Bd4 46. Re2 Rc8 47. Ne4 Bxb2 48. Ra5 a3 49. Nd6 Rd8 50. Re4 Bd4
51. Re8+ Rxe8 52. Nxe8 Bb2 53. Ra8 Kh7 54. g3 Rd4 55. h4 Rd3 56. Kh3 Bc1 57. Kg4 Bd2 58. Nc7 Be1 59. Nb5 Rxg3+ 60. Kf5 Bb4
61. Nd4 Rc3 62. Ra4 Bc5 63. Ke4 Bb6 64. Nb5 f5+ 65. Kxf5 Rc5+ 66. Kg4 Rxb5 67. Rxa3 Bd4 68. Rd3 Bf6 69. Rh3 Rb1 70. h5 Kh6
71. Rh2 Rf1 72. Rh3 Be7 73. Rd3 Rg1+ 74. Kf5 Kxh5 75. Rd7 Bh4 76. Rf7 g6+ 77. Ke4 Kg4 78. Rg7 Re1+ 79. Kd5 Kf5 80. Rg8 Rf1
81. Rf8+ Bf6
0-1